| 000 | 00779nam a22002057a 4500 | ||
|---|---|---|---|
| 999 |
_c15282 _d15282 |
||
| 003 | OSt | ||
| 082 | _2631.3 JYO/DE | ||
| 088 | _aP 63 | ||
| 100 |
_aJYOTHIRAJ C. R _93781 |
||
| 245 | _aDevelopment and testing of a tree lopping machine as an attachment to the power tiller | ||
| 260 |
_aTavanur 1997 _bDepartment of Farm Power Machinery and Energy |
||
| 300 | _a53 | ||
| 500 | _aDevelopment and testing of a tree lopping machine as an attachment to the power tiller | ||
| 520 | _aDevelopment and testing of a tree lopping machine as an attachment to the power tiller | ||
| 700 |
_aNaushad A _93782 |
||
| 700 |
_aSujith George _93783 |
||
| 700 |
_aEr. Jayan P. R (Guide) _93764 |
||
| 856 | _uhttps://drive.google.com/open?id=1vZVtzPz7Fs69wZ9r9zRFjzW_1JQhORm2 | ||
| 942 | _cPR | ||